| 000 | 00923cad a22002055a 4500 | ||
|---|---|---|---|
| 001 | E151495 | ||
| 008 | 100505e20101102xxk 000 0 eng d | ||
| 035 | _a(Sirsi) u151495 | ||
| 041 | 0 | _aeng | |
| 110 | 2 |
_aRegisters of Scotland _95601 |
|
| 245 | 0 | 0 |
_aHighest average property prices since records began _h[electronic resource] |
| 260 | _c2010 | ||
| 490 |
_aRegisters of Scotland News Release _v2 November 2010 |
||
| 520 | _aReports that sales transactions in Scotland for Q2 2010 increased by 4.9% when compared to Q2 2009. The average price for a residential property in Scotland was £163 360 in Q2 2010, an increase of 5.8% compared to Q2 2009. | ||
| 590 | _aKA NTK | ||
| 651 | 4 |
_aScotland _y1999- |
|
| 690 | _aPROPERTY-RESIDENTIAL PROPERTY-RESIDENTIAL PROPERTY MARKET | ||
| 856 | 4 | 0 |
_uhttps://www.ros.gov.uk/public/news/2010/2_nov_2010.html _zView the press release free of charge at www.ros.gov.uk... |
| 942 | _n0 | ||
| 999 |
_c82807 _d82807 |
||